000
00282nam a2200109Ia 4500
001
1265422
005
20260417142026.0
008
260417s9999 xx 000 0 und d
020
_a
9786050676211
245
0
_a
Soruların Peşinde
_c
İhsan Fazlıoğlu
260
_b
Ketebe Yayınları
999
_c
1265422
_d
1265422